Využitie ultrazvuku v diagnostike pacientok s juvenilnou metrorágiou

Bibliographic Details
Main Authors: Hronec, Miloslav, 1949- (Author), Blahuš, Ivan (Author), Smolík, Miroslav (Author)
Format: Article
Language:Slovak
PhysicalDescription:Tab. 2, lit. 9 zázn. v angl., češ.
ISSN:1335-0862
Subjects:

MARC

LEADER 00000nab a2200000 a 4500
001 vtls000548046
003 SK-MaSNL
005 20260304090342.0
008 250425c1994 xo 0 slo
015 |a SNBRB19rr/mm-uuuuu 
035 |a CL0548184 
035 |a urn:nbn:sk:snk-ab6wh2 
035 |a (uuid)077418f4-cc44-480f-978b-f7f9e9502ab6 
035 |a (urnnbn)urn:nbn:sk:snk:ar-a062ma 
035 |a (sysno)vtls000548046 
040 |a SNKBUCL  |b slo  |c SNKBUCL  |e AACR2 
041 0 |a slo 
044 |a xo  |c SK 
080 |a 618.174-073.756.8  |2 1981 
100 1 |a Hronec, Miloslav,  |d 1949-  |4 aut  |9 223180 
245 1 0 |a Využitie ultrazvuku v diagnostike pacientok s juvenilnou metrorágiou  |c Miloslav Hronec, Ivan Blahuš, Miroslav Smolík 
300 |b Tab. 2, lit. 9 zázn. v angl., češ. 
650 0 7 |a metrorágia juvenilná  |2 snkbucl  |9 1381236 
650 0 7 |a sonografia  |2 snkbucl  |9 14398 
655 7 |a články z novín a časopisov  |2 snkbucl  |9 267496 
700 1 |a Blahuš, Ivan  |4 aut  |9 905212 
700 1 |a Smolík, Miroslav  |4 aut  |9 709584 
773 0 |t Slovenská gynekológia a pôrodníctvo  |g Roč. 1, č. 4 (1994), s. 23-24  |x 1335-0862 
850 |a Slovenská národná knižnica 
852 |a Slovenská národná knižnica 
954 |a odborná, vedecká literatúra pôvodná (slovenská)  |2 lita 
958 |a article27 
958 |a NB 
958 |a RK 
958 |a MI 
958 |a OND 
958 |a EUIPO 
992 |a RBX 
999 |c 2811191  |d 2813121